| 000 | 00756nam a2200241 a 4500 | ||
|---|---|---|---|
| 005 | 20240831063807.0 | ||
| 008 | 160504s2009 mx r 000 0 spa d | ||
| 020 | _a9788448828929 | ||
| 035 | _aUPN01000210135 | ||
| 049 | _aI | ||
| 050 | 4 |
_aPQ6712 O6.3 _bH6.5 |
|
| 100 | 1 |
_aLópez Soria, Marisa, _d1956- _933093 |
|
| 245 | 1 | 3 |
_aUn hombre de palabra / _cMarisa López Soria ; il. Eva Poyato. |
| 260 |
_aBarcelona, Esp. : _bBeascoa, _c2009. |
||
| 300 |
_a[25] p. : _bil. col. |
||
| 440 | 0 |
_aPequeños cuentos desobedientes ; _v6 |
|
| 650 | 4 |
_aCuentos infantiles españoles _97725 |
|
| 650 | 4 |
_aVALORES - _vLITERATURA INFANTIL _921634 |
|
| 650 | 4 |
_aLibros y lectura para niños _92290 |
|
| 905 | _aInfantil | ||
| 999 |
_c182236 _d182236 |
||